000 00693nam a2200205 i 4500
001 23585
003 ES-MaACL
005 20230906152912.0
007 t|
008 021211s1964 sp ||||1| spa d
100 1 _aAncel, Alfred.
_9148331
245 1 3 _aLa actualidad de la Santísima Virgen /
_cAlfred Ancel ; [traducción y prólogo de Jesús San Clemente Idiazabal].
260 _a[Bilbao] :
_bDesclée de Brouwer,
_c1964.
300 _a140 p. ;
_c19 cm.
490 1 _aColección "Stella Matutina" ;
_v9
700 1 _aSan Clemente Idiazabal, Jesús.
_9102230
830 0 _aColección "Stella Matutina" ;
_v9
_9184127
852 _aES-MaACL
_jC-25707
_bR.54416
999 _c23585
_d23585